000 00509cam a22001337a 4500
008 180718b1965 xxu||||| |||| 00| 0 eng d
082 _aA2x781 K133
100 _aWilder, Bessie E.
245 _aBibliography of the official publications of Kansas, 1854-1958
_cby Bessie E. Wilder and Kansas. University. Governmental Research Center
260 _a
_b
_c1965
300 _a318p.
650 _aGovernment Publications - U.S.A. - Kansas - Bibliography
700 _aKansas. University. Governmental Research Center
999 _c480188
_d480188